Emergence and innovation in digital learning : foundations and applications /

Bibliographic Details
Main Author: Veletsianos, George (Author, Editor)
Corporate Author: ProQuest (Firm)
Format: eBook
Language:English
Published: Edmonton, Alberta : AU Press, 2016.
Subjects:
Online Access:Connect to the full text of this electronic book

MARC

Tag First Indicator Second Indicator Subfields
LEADER 00000cam a22000001i 4500
001 in00003713639
006 m |o d |
007 cr |n|||||||||
008 160917s2016 abc ob 001 0 eng d
005 20250816212636.0
020 |a 9781771991513 (electronic bk.) 
020 |a 1771991518 (electronic bk.) 
020 |z 9781771991490 
020 |z 1771991496 
024 8 |a 40026399178 
035 |a (NhCcYBP)ebc4538154 
040 |a NhCcYBP  |c NhCcYBP  |d UtOrBLW 
050 4 |a LC5800  |b .E44 2016 
082 0 4 |a 371.35/8  |2 23 
245 0 0 |a Emergence and innovation in digital learning :  |b foundations and applications /  |c edited by George Veletsianos. 
264 1 |a Edmonton, Alberta :  |b AU Press,  |c 2016. 
300 |a 1 online resource. 
336 |a text  |b txt  |2 rdacontent 
337 |a computer  |b c  |2 rdamedia 
338 |a online resource  |b cr  |2 rdacarrier 
504 |a Includes bibliographical references and index. 
588 |a Description based on print version record. 
500 |a Electronic resource. 
650 0 |a Distance education  |x Technological innovations. 
650 0 |a Educational technology.  |0 http://id.loc.gov/authorities/subjects/sh85041150 
655 7 |a Electronic books.  |2 local 
700 1 |a Veletsianos, George,  |e author,  |e editor.  |0 http://id.loc.gov/authorities/names/no2010132753 
710 2 |a ProQuest (Firm)  |0 http://id.loc.gov/authorities/names/n2007068018 
776 1 |t Emergence and innovation in digital learning.  |w (CaOONL)20169026396 
776 1 8 |c Original  |z 9781771991490  |z 1771991496 
856 4 0 |u https://ebookcentral.proquest.com/lib/tamucs/detail.action?docID=4538154  |y Connect to the full text of this electronic book  |t 0 
955 |a YBP purchased approval e-records 
980 |b 59.93  |g 1 
987 |a ybp12882269 
999 f f |s e00161ec-e10b-3385-b487-8a8ee8b299fb  |i 80333053-130a-302d-a4d3-f53e768b6122  |t 0 
952 f f |a Texas A&M University  |b College Station  |c Electronic Resources  |d Available Online  |t 0  |e LC5800 .E44 2016  |h Library of Congress classification 
998 f f |a LC5800 .E44 2016  |t 0  |l Available Online